Cultural sources from the veda (Record no. 192362)

MARC details
000 -LEADER
fixed length control field 00359nam a2200145Ia 4500
008 - FIXED-LENGTH DATA ELEMENTS--GENERAL INFORMATION
fixed length control field 230917s9999||||xx |||||||||||||| ||und||
040 ## - CATALOGING SOURCE
-- 47271
Original cataloging agency VIVEKANANDA LIBRARY
041 ## - Language
-- English
082 ## - DDC NUMBER
Classification number 294.1 D213C
100 ## - MAIN ENTRY--PERSONAL NAME
Personal name Dange, Sadashiv Ambadas
245 #0 - TITLE STATEMENT
Title Cultural sources from the veda
260 ## - PUBLICATION, DISTRIBUTION, ETC. (IMPRINT)
Place of publication, distribution, etc Bombay
Name of publisher, distributor, etc Bharatiya
Date of publication, distribution, etc 1977
300 ## - PHYSICAL DESCRIPTION
Pages 116 p.
942 ## - ADDED ENTRY ELEMENTS (KOHA)
Koha item type Books
Holdings
Withdrawn status Lost status Damaged status Not for loan Location (home branch) Sublocation or collection (holding branch) Date acquired Koha issues (times borrowed) Koha full call number Accession No. Koha date last seen Koha item type
        VIVEKANANDA LIBRARY VIVEKANANDA LIBRARY 29/11/2002   294.1 D213C 49847 17/09/2023 Books
© Designed and Maintained by Vivekananda Library, MDU Rohtak